| 000 | 00849cam a22002653a 4500 | ||
|---|---|---|---|
| 001 | 22681 | ||
| 003 | PGUSA | ||
| 005 | 20140828083501.0 | ||
| 008 | 070920s2007||||xxu|||||s|||||000 | eng d | ||
| 040 |
_aPGUSA _beng |
||
| 042 | _adc | ||
| 050 | 4 | _aE300 | |
| 100 | 1 |
_aLincoln, Abraham, _d1809-1865 |
|
| 245 | 1 | 4 |
_aThe Life and Public Service of General Zachary Taylor : _bAn Address _h[electronic resource] / _cAbraham Lincoln |
| 260 |
_bProject Gutenberg, _c2007 |
||
| 506 | _aPublic domain in the USA. | ||
| 516 | _aElectronic text | ||
| 653 | _aGenerals -- United States -- Biography | ||
| 653 | _aTaylor, Zachary, 1784-1850 | ||
| 653 | _aPresidents -- United States -- Biography | ||
| 700 | 1 |
_aBarton, William Eleazar, _d1861-1930 |
|
| 830 | 0 |
_aProject Gutenberg _v22681 |
|
| 856 | 4 | 0 | _uhttp://www.gutenberg.org/ebooks/22681 |
| 942 | _cEB | ||
| 999 |
_c251936 _d251936 |
||